[Event "ESTCC U65 2018"]
[Site "Walbrzych"]
[Date "2018.04.17"]
[Round "4"]
[White "Vucenovic, Dragomir"]
[Black "Hedin, Gunnar"]
[Result "1/2-1/2"]
[WhiteElo "2248"]
[BlackElo "2174"]
[Annotator "NA"]
[PlyCount "104"]
[EventDate "2018.??.??"]
[EventCountry "POL"]
[SourceTitle "playchess.com"]
[Source "ChessBase"]
[SourceQuality "1"]
[WhiteTeam "Switzerland"]
[BlackTeam "Sweden"]
[WhiteTeamCountry "SUI"]
[BlackTeamCountry "SWE"]
[TimeControl "40/5400+30:1800+30"]

1. d4 {[%emt 0:00:00]} f5 {[%emt 0:00:14]} 2. Nf3 {[%emt 0:00:05]} Nf6 {[%emt 0:00:12]} 3. g3 {[%emt 0:00:14]} g6 {[%emt 0:00:13]} 4. Bg2 {[%emt 0:00:17]} Bg7 {[%emt 0:00:13]} 5. O-O {[%emt 0:00:17]} O-O {[%emt 0:00:30]} 6. c4 {[%emt 0:00:11]} d6 {[%emt 0:00:12]} 7. Nc3 {[%emt 0:00:12]} c6 {[%emt 0:00:16]} 8. Qb3 {[%emt 0:00:27]} Qb6 {[%emt 0:03:10]} 9. Qc2 {[%emt 0:01:27] LiveBook: 6 Games} Qc7 {[%emt 0:08:34]} 10. Bf4 {[%emt 0:03:38] A88: Dutch Defence: Leningrad System: 5 Nf3 0-0 6 0-0 d6 7 Nc3 c6} (10. b3 a5 11. Bb2 Na6 12. Rad1 e5 13. dxe5 dxe5 14. Na4 Ne4 15. Nd2 Nec5 16. Nxc5 Nxc5 17. a3 e4 18. Bxg7 Qxg7 19. b4 axb4 20. axb4 {0-1 (44) Beradze,I (2416)-Bortnyk,O (2557) Ureki 2015}) 10... Nh5 {[%emt 0:01:26]} 11. Rad1 $146 {[%emt 0:08:11]} ({Find the theoretical novelty and annotate with similar games:} 11. Bd2 e5 12. dxe5 dxe5 13. e3 Be6 14. b3 Qe7 15. Rac1 Na6 16. Na4 Rfd8 17. Bc3 b5 {0-1 (41) Jakovljevic,Z (2021)-Svicevic,R (2263) Belgrade 2016}) 11... Nxf4 12. gxf4 Nd7 13. d5 Nf6 14. Nd4 Bd7 15. e3 Rae8 16. Rd2 e6 17. dxe6 Bxe6 18. Nxe6 Rxe6 19. Rfd1 Rfe8 20. a3 a6 21. b4 Qe7 22. Re1 Kh8 23. b5 axb5 24. cxb5 d5 25. bxc6 bxc6 $15 26. Rd3 Ra8 27. Ne2 Ne4 28. Bxe4 fxe4 29. Rb3 c5 30. Reb1 Rc6 31. Rb8+ Rc8 32. R1b7 Qe6 33. Rxa8 Rxa8 34. Qxc5 Qg4+ 35. Ng3 Qd1+ 36. Kg2 Qf3+ 37. Kh3 h5 38. Rxg7 Qg4+ 39. Kg2 Kxg7 40. Qxd5 Re8 41. h3 Qe6 42. Qg5 Kf7 43. f5 gxf5 44. Qxh5+ Qg6 45. Qxf5+ Qxf5 46. Nxf5 Kf6 47. Ng3 Ke5 48. h4 Ra8 49. Ne2 Rxa3 50. h5 Ra6 51. Kg3 Rf6 52. Nf4 Kf5 1/2-1/2

[Event "ESTCC U65 2018"]
[Site "Walbrzych"]
[Date "2018.04.17"]
[Round "4"]
[White "Ackermann, Hans Werner"]
[Black "Olesen, Poul Erik Norgaard"]
[Result "1-0"]
[WhiteElo "2211"]
[BlackElo "2005"]
[Annotator "ChessBase"]
[PlyCount "119"]
[EventDate "2018.??.??"]
[EventCountry "POL"]
[SourceTitle "playchess.com"]
[Source "ChessBase"]
[SourceQuality "1"]
[WhiteTeam "Germany"]
[BlackTeam "Denmark"]
[WhiteTeamCountry "GER"]
[BlackTeamCountry "DEN"]
[TimeControl "40/5400+30:1800+30"]

1. Nf3 {[%emt 0:00:00]} Nf6 {[%emt 0:00:26]} 2. c4 {[%emt 0:00:20]} g6 {[%emt 0:00:28]} 3. b3 {[%emt 0:01:38]} Bg7 {[%emt 0:00:17]} 4. Bb2 {[%emt 0:00:02]} O-O {[%emt 0:00:52]} 5. g3 {[%emt 0:01:40]} d6 {[%emt 0:02:43]} 6. d4 {[%emt 0:02:49]} c5 {[%emt 0:04:37]} 7. Bg2 {[%emt 0:02:22]} cxd4 {[%emt 0:11:13]} 8. Nxd4 {[%emt 0:02:17]} Qc7 {[%emt 0:04:25]} 9. Nc3 {[%emt 0:06:10]} Nc6 {[%emt 0:06:17]} 10. O-O {[%emt 0:02:32]} Nxd4 {[%emt 0:03:50]} 11. Qxd4 {[%emt 0:01:18]} Ng4 {[%emt 0:06:39]} 12. Qd2 {[%emt 0:01:41]} Qa5 {[%emt 0:03:10]} 13. h3 {[%emt 0:10:19]} Ne5 {[%emt 0:01:38]} 14. Rad1 {[%emt 0:02:55]} Nc6 {[%emt 0:05:41]} 15. g4 {[%emt 0:10:01]} h5 {[%emt 0:06:42]} 16. g5 {[%emt 0:12:18]} Be6 {[%emt 0:04:55]} 17. Ba1 {[%emt 0:05:58]} a6 {[%emt 0:08:54]} 18. Nd5 {[%emt 0:08:01]} Qxd2 {[%emt 0:08:26]} 19. Rxd2 {[%emt 0:00:17]} Bxd5 {[%emt 0:00:37]} 20. Bxd5 {[%emt 0:00:46]} Rfc8 {[%emt 0:02:21]} 21. f4 {[%emt 0:03:29]} Rab8 {[%emt 0:01:34]} 22. Kg2 {[%emt 0:06:27]} Bxa1 {[%emt 0:04:44]} 23. Rxa1 {[%emt 0:00:07]} Kf8 {[%emt 0:00:30]} 24. Rc1 {[%emt 0:05:25]} Rc7 {[%emt 0:01:54]} 25. Bf3 {[%emt 0:03:55]} Rd8 {[%emt 0:02:08]} 26. Rcd1 {[%emt 0:02:13]} b6 {[%emt 0:02:18]} 27. e3 {[%emt 0:01:53]} a5 {[%emt 0:00:30]} 28. Kf2 {[%emt 0:00:56]} Rb8 {[%emt 0:01:10]} 29. Rb1 {[%emt 0:02:00]} Rd8 {[%emt 0:00:46]} 30. Ke2 {[%emt 0:00:21]} Ke8 {[%emt 0:00:40]} 31. Ke1 {[%emt 0:00:21]} Rb8 {[%emt 0:00:18]} 32. Kd1 {[%emt 0:00:38]} Kf8 {[%emt 0:00:22]} 33. Rf2 {[%emt 0:00:22]} e6 {[%emt 0:00:38]} 34. Rd2 {[%emt 0:00:14]} Ke7 {[%emt 0:00:08]} 35. Ke2 {[%emt 0:00:08]} Rd8 {[%emt 0:00:35]} 36. Rbd1 {[%emt 0:00:03]} Rcc8 {[%emt 0:01:37]} 37. Ke1 {[%emt 0:00:50]} Rc7 {[%emt 0:00:19]} 38. Rc1 {[%emt 0:01:17]} Nb8 {[%emt 0:00:36]} 39. Rcd1 {[%emt 0:00:13]} Nc6 {[%emt 0:00:26]} 40. Kf2 {[%emt 0:00:00]} Nb8 {[%emt 0:00:16]} 41. Ke2 {[%emt 0:05:51]} Rc5 {[%emt 0:05:11]} 42. h4 {[%emt 0:04:32]} Rcc8 {[%emt 0:05:51]} 43. Bg2 {[%emt 0:02:54]} Rc5 {[%emt 0:02:25]} 44. Rd4 {[%emt 0:04:33]} Rc7 {[%emt 0:02:06]} 45. Bf3 {[%emt 0:02:25]} Rc5 {[%emt 0:02:02]} 46. R1d2 {[%emt 0:02:37]} Nc6 {[%emt 0:02:29]} 47. Bxc6 {[%emt 0:00:27]} Rxc6 {[%emt 0:00:48]} 48. e4 {[%emt 0:00:13]} Rdc8 {[%emt 0:04:21]} 49. Ke3 {[%emt 0:00:26]} R8c7 {[%emt 0:00:56]} 50. f5 {[%emt 0:02:19]} Rd7 {[%emt 0:03:53]} 51. fxg6 {[%emt 0:01:47]} fxg6 {[%emt 0:00:18]} 52. Rf2 {[%emt 0:00:48]} Rd8 {[%emt 0:00:55]} 53. e5 {[%emt 0:01:10]} Rg8 {[%emt 0:01:05]} 54. Rfd2 {[%emt 0:00:45]} d5 {[%emt 0:01:44]} 55. cxd5 {[%emt 0:00:12]} exd5 {[%emt 0:00:19]} 56. Rxd5 {[%emt 0:00:04]} Rc3+ {[%emt 0:01:02]} 57. Ke4 {[%emt 0:00:09]} Rh3 {[%emt 0:00:48]} 58. Rd7+ {[%emt 0:00:06]} Kf8 {[%emt 0:00:43]} 59. e6 {[%emt 0:00:49]} Rxh4+ {[%emt 0:00:34]} 60. Ke5 {[%emt 0:00:11]} 1-0

[Event "ESTCC U65 2018"]
[Site "Walbrzych"]
[Date "2018.04.17"]
[Round "4"]
[White "Vinke, Dietmar"]
[Black "Baumbach, Friedrich"]
[Result "1/2-1/2"]
[WhiteElo "2170"]
[BlackElo "2172"]
[Annotator "NA"]
[PlyCount "85"]
[EventDate "2018.??.??"]
[EventCountry "POL"]
[SourceTitle "playchess.com"]
[Source "ChessBase"]
[SourceQuality "1"]
[WhiteTeam "Finland"]
[BlackTeam "Germany"]
[WhiteTeamCountry "FIN"]
[BlackTeamCountry "GER"]
[TimeControl "40/5400+30:1800+30"]

1. d4 {[%emt 0:00:00]} d5 {[%emt 0:00:13]} 2. c4 {[%emt 0:00:08]} e6 {[%emt 0:00:08]} 3. Nc3 {[%emt 0:00:06]} Nf6 {[%emt 0:00:08]} 4. Bg5 {[%emt 0:00:17]} Be7 {[%emt 0:00:11]} 5. e3 {[%emt 0:00:13]} O-O {[%emt 0:00:27]} 6. Nf3 {[%emt 0:01:05]} h6 {[%emt 0:00:32]} 7. Bh4 {[%emt 0:00:13]} Ne4 {[%emt 0:00:31]} 8. Bxe7 {[%emt 0:00:33]} Qxe7 {[%emt 0:00:14]} 9. cxd5 {[%emt 0:00:09]} Nxc3 {[%emt 0:00:13]} 10. bxc3 {[%emt 0:00:06]} exd5 {[%emt 0:00:11]} 11. Qb3 {[%emt 0:00:08]} Rd8 {[%emt 0:05:18]} 12. c4 {[%emt 0:00:45]} dxc4 {[%emt 0:00:58]} 13. Bxc4 {[%emt 0:00:06]} Nc6 {[%emt 0:01:12] LiveBook: 51 Games} 14. Be2 {[%emt 0:00:10]} b6 {[%emt 0:08:42] D57: Queen's Gambit Declined: Lasker Defence: Main line (9 cxd5)} 15. O-O {[%emt 0:00:44]} Bb7 {[%emt 0:00:28]} 16. Rac1 {[%emt 0:00:37]} Rac8 {[%emt 0:01:14]} 17. h3 {[%emt 0:00:33]} Na5 {[%emt 0:03:27]} 18. Qb2 {[%emt 0:00:10]} c5 {[%emt 0:04:04]} 19. dxc5 {[%emt 0:00:12]} Rxc5 {[%emt 0:01:59]} 20. Rxc5 {[%emt 0:00:06]} Qxc5 {[%emt 0:01:02]} 21. Rc1 {[%emt 0:00:06]} Qe7 {[%emt 0:04:27]} 22. Nd4 {[%emt 0:00:13] [#]} Qe5 $146 {[%emt 0:07:55]} 23. Qb4 {[%emt 0:58:28]} Rc8 $11 {[%emt 0:11:03]} 24. Rxc8+ {[%emt 0:01:09]} Bxc8 {[%emt 0:00:01]} 25. Qb5 {[%emt 0:07:03]} Qxb5 {[%emt 0:09:31]} 26. Nxb5 {[%emt 0:00:12]} Ba6 {[%emt 0:03:24]} 27. Kf1 {[%emt 0:00:08]} Bxb5 {[%emt 0:00:51]} 28. Bxb5 {[%emt 0:00:04]} Kf8 {[%emt 0:00:17]} 29. Ke2 {[%emt 0:00:47]} Ke7 {[%emt 0:00:17]} 30. Kd3 {[%emt 0:00:05]} Kd6 {[%emt 0:00:55]} 31. Be8 {[%emt 0:10:27]} Ke7 {[%emt 0:06:15]} 32. Bb5 {[%emt 0:00:17]} Kd6 {[%emt 0:01:26]} 33. Be8 {[%emt 0:00:07]} f6 {[%emt 0:02:19]} 34. Ke4 {[%emt 0:03:51]} Ke6 {[%emt 0:02:49]} 35. Bb5 {[%emt 0:00:41]} f5+ {[%emt 0:06:38]} 36. Kd4 {[%emt 0:00:36]} Kd6 {[%emt 0:00:33]} 37. f4 {[%emt 0:04:07]} Nc6+ {[%emt 0:03:37]} 38. Kc4 {[%emt 0:01:44]} Na5+ {[%emt 0:02:41]} 39. Kd4 {[%emt 0:00:08]} Nc6+ {[%emt 0:02:16]} 40. Kc4 {[%emt 0:00:09]} Na5+ {[%emt 0:02:47]} 41. Kd4 {[%emt 0:00:10]} Nc6+ {[%emt 0:00:12]} 42. Kc4 Nb8 43. Kd4 {Ke5+ Ke4+} 1/2-1/2

[Event "ESTCC U65 2018"]
[Site "Walbrzych"]
[Date "2018.04.17"]
[Round "4"]
[White "Sorensen, Bent"]
[Black "Buchal, Stephan"]
[Result "0-1"]
[WhiteElo "2158"]
[BlackElo "2310"]
[Annotator "NA"]
[PlyCount "46"]
[EventDate "2018.??.??"]
[EventCountry "POL"]
[SourceTitle "playchess.com"]
[Source "ChessBase"]
[SourceQuality "1"]
[WhiteTeam "Denmark"]
[BlackTeam "Germany"]
[WhiteTeamCountry "DEN"]
[BlackTeamCountry "GER"]
[TimeControl "40/5400+30:1800+30"]

1. Nf3 {[%emt 0:00:00]} g6 {[%emt 0:00:14]} 2. d4 {[%emt 0:00:00]} Bg7 {[%emt 0:00:14]} 3. e3 {[%emt 0:00:57]} Nf6 {[%emt 0:01:47]} 4. b3 {[%emt 0:01:19]} c5 {[%emt 0:02:38] LiveBook: 65 Games} 5. Bd3 {[%emt 0:02:12]} O-O {[%emt 0:00:41]} 6. O-O {[%emt 0:00:33]} cxd4 {[%emt 0:05:05] A48: 1 d4 Nf6 2 Nf3 g6: Torre, London and Colle Systems} (6... b6 7. Bb2 Bb7 8. c4 cxd4 9. exd4 d5 10. Re1 Nc6 11. Nbd2 dxc4 12. bxc4 Nh5 13. Be4 Qc7 14. Qc1 Nb4 15. d5 Nf6 {½-½ (65) Stefanova,A (2518)-Danielian,E (2484) Kazan 2012}) 7. exd4 {[%emt 0:03:24]} Nc6 {[%emt 0:01:03]} 8. c3 {[%emt 0:01:09]} d6 {[%emt 0:04:30]} 9. Nbd2 {[%emt 0:05:16]} e5 {[%emt 0:02:56]} 10. Ba3 $146 {[%emt 0:08:06]} ({Predecessor:} 10. dxe5 dxe5 11. Ne4 Bf5 12. Qe2 Bxe4 13. Bxe4 Nxe4 14. Qxe4 Qd7 15. Bb2 Rad8 {0-1 (30) Kende,G (2168)-Szalanczy,E (2380) Balatonlelle 2004}) 10... Re8 {[%emt 0:10:29]} 11. Re1 {[%emt 0:04:52]} Bg4 {[%emt 0:09:08]} 12. dxe5 {[%emt 0:05:09]} Nxe5 {[%emt 0:17:16]} 13. Be2 {[%emt 0:02:10]} Nd5 {[%emt 0:03:15]} 14. Qc2 $2 {[%emt 0:25:25]} (14. Ne4 $15 Nf4 15. Nd4) 14... Nxc3 {[%emt 0:03:38]} 15. Bf1 {[%emt 0:04:29]} Rc8 {[%emt 0:03:11]} 16. Bc4 {[%emt 0:01:47]} Bxf3 {[%emt 0:08:48]} 17. gxf3 {[%emt 0:01:33]} b5 {[%emt 0:05:08]} 18. Qxc3 {[%emt 0:02:20]} Nxc4 {[%emt 0:01:02]} 19. Qd3 {[%emt 0:02:23]} Qg5+ {[%emt 0:01:28]} 20. Kh1 {[%emt 0:00:26]} Bxa1 $19 {[%emt 0:00:54]} 21. Ne4 {[%emt 0:00:52]} Rxe4 {[%emt 0:00:54]} 22. fxe4 {[%emt 0:00:12]} Nxa3 {[%emt 0:00:47]} 23. Rxa1 {[%emt 0:00:13]} Rc1+ {[%emt 0:00:22]} 0-1

[Event "ESTCC U65 2018"]
[Site "Walbrzych"]
[Date "2018.04.17"]
[Round "4"]
[White "Malmdin, Nils-Ake"]
[Black "Hohler, Peter"]
[Result "1-0"]
[WhiteElo "2154"]
[BlackElo "2076"]
[Annotator "NA"]
[PlyCount "97"]
[EventDate "2018.??.??"]
[EventCountry "POL"]
[SourceTitle "playchess.com"]
[Source "ChessBase"]
[SourceQuality "1"]
[WhiteTeam "Sweden"]
[BlackTeam "Switzerland"]
[WhiteTeamCountry "SWE"]
[BlackTeamCountry "SUI"]
[TimeControl "40/5400+30:1800+30"]

1. Nf3 {[%emt 0:00:00]} d5 {[%emt 0:00:39]} 2. g3 {[%emt 0:00:00]} Nf6 {[%emt 0:00:24]} 3. Bg2 {[%emt 0:00:06]} Bf5 {[%emt 0:01:41]} 4. O-O {[%emt 0:02:07]} e6 {[%emt 0:00:34]} 5. b3 {[%emt 0:01:13]} Be7 {[%emt 0:00:50]} 6. Bb2 {[%emt 0:00:14]} h6 {[%emt 0:00:43]} 7. d3 {[%emt 0:00:14]} O-O {[%emt 0:00:55] LiveBook: 121 Games} 8. Nbd2 {[%emt 0:00:15]} c5 {[%emt 0:01:16]} 9. Ne5 {[%emt 0:12:33]} Bh7 {[%emt 0:11:37] A07: Réti Opening: New York and Capablanca Systems} 10. e4 {[%emt 0:07:57]} (10. c4 Nbd7 11. cxd5 Nxe5 12. Bxe5 Nxd5 13. Qc2 Rc8 14. Rfc1 Qd7 15. Qd1 f6 16. Bb2 e5 17. Qf1 {1-0 (56) Kharlov,A (2557)-Dreev,A (2655) Fuegen 2006}) 10... Nbd7 {[%emt 0:09:27]} 11. Nxd7 {[%emt 0:16:21]} Qxd7 {[%emt 0:00:10]} 12. e5 {[%emt 0:00:18]} Ne8 {[%emt 0:00:10]} 13. Qe2 {[%emt 0:00:25]} Nc7 {[%emt 0:03:39]} 14. f4 {[%emt 0:09:31]} Rab8 {[%emt 0:10:21]} 15. g4 $146 {[%emt 0:06:46]} ({Find the theoretical novelty and annotate with similar games:} 15. c4 b5 16. Rad1 a5 17. Nf3 {½-½ (44) Gagic,M (1807)-Molcanov,S (2010) Paracin 2015}) 15... d4 {[%emt 0:07:01]} 16. Ne4 {[%emt 0:05:16]} Nd5 {[%emt 0:04:34]} 17. Bc1 {[%emt 0:02:26]} b5 {[%emt 0:06:36]} 18. Bd2 $11 {[%emt 0:05:01]} Qc7 {[%emt 0:14:45]} 19. Ng3 {[%emt 0:08:46]} Rfd8 {[%emt 0:03:10]} 20. Qe1 {[%emt 0:09:13]} Qc8 {[%emt 0:02:46]} 21. Be4 {[%emt 0:02:30]} Bxe4 {[%emt 0:05:18]} 22. Nxe4 {[%emt 0:00:47]} Rf8 {[%emt 0:04:03]} 23. g5 {[%emt 0:02:02]} h5 {[%emt 0:01:42]} 24. Qh4 {[%emt 0:01:52]} g6 {[%emt 0:00:58]} 25. Nf6+ {[%emt 0:00:21]} Bxf6 {[%emt 0:01:40]} 26. gxf6 {[%emt 0:00:15]} Ne3 {[%emt 0:01:07]} 27. Bxe3 {[%emt 0:00:30]} dxe3 28. Qg5 {[%emt 0:00:14]} Kh7 {[%emt 0:00:17]} 29. Rf3 {[%emt 0:00:02]} Rh8 {[%emt 0:01:03]} 30. Rxe3 {[%emt 0:00:32]} c4 {[%emt 0:00:39]} 31. Qg2 {[%emt 0:02:37]} Qc5 {[%emt 0:00:53]} 32. Qf2 {[%emt 0:00:32]} Qd4 {[%emt 0:01:18]} 33. Rae1 {[%emt 0:00:57]} Rbc8 {[%emt 0:00:53]} 34. dxc4 {[%emt 0:00:35]} bxc4 {[%emt 0:00:15]} 35. c3 {[%emt 0:00:19]} Qb6 {[%emt 0:00:36]} 36. b4 {[%emt 0:00:33]} Rcd8 {[%emt 0:02:38]} 37. Re4 {[%emt 0:00:45]} Qc7 {[%emt 0:01:08]} 38. Qc5 {[%emt 0:02:00]} Qxc5+ {[%emt 0:01:20]} 39. bxc5 {[%emt 0:00:02]} Rd5 {[%emt 0:01:44]} 40. Rxc4 {[%emt 0:00:00]} Rd2 {[%emt 0:00:19]} 41. c6 {[%emt 0:00:47]} Rb8 {[%emt 0:00:33]} 42. Rb4 {[%emt 0:00:35]} Rc8 {[%emt 0:00:54]} 43. Rb7 {[%emt 0:02:15]} Rxc6 {[%emt 0:03:34]} 44. Rxf7+ {[%emt 0:03:19]} Kh6 {[%emt 0:00:00]} 45. Rf8 {[%emt 0:01:37]} Kh7 {[%emt 0:01:54]} 46. Rb1 {[%emt 0:00:28]} Rb6 {[%emt 0:00:16]} 47. Rxb6 {[%emt 0:00:30]} axb6 {[%emt 0:00:01]} 48. Rb8 {[%emt 0:00:16]} Rxa2 {[%emt 0:00:24]} 49. f7 1-0

[Event "ESTCC U65 2018"]
[Site "Walbrzych"]
[Date "2018.04.17"]
[Round "4"]
[White "Holst, Per"]
[Black "Kierzek, Matthias"]
[Result "1/2-1/2"]
[WhiteElo "2140"]
[BlackElo "2272"]
[Annotator "NA"]
[PlyCount "70"]
[EventDate "2018.??.??"]
[EventCountry "POL"]
[SourceTitle "playchess.com"]
[Source "ChessBase"]
[SourceQuality "1"]
[WhiteTeam "Denmark"]
[BlackTeam "Germany"]
[WhiteTeamCountry "DEN"]
[BlackTeamCountry "GER"]
[TimeControl "40/5400+30:1800+30"]

1. c4 {[%emt 0:00:00]} e5 {[%emt 0:00:13]} 2. Nc3 {[%emt 0:00:05]} Bb4 {[%emt 0:00:05]} 3. Nd5 {[%emt 0:02:22]} Bc5 {[%emt 0:00:07]} 4. e3 {[%emt 0:02:15]} c6 {[%emt 0:00:33]} 5. Nc3 {[%emt 0:00:09]} d5 {[%emt 0:06:07]} 6. d4 {[%emt 0:01:12]} exd4 {[%emt 0:02:06] LiveBook: 3 Games} 7. exd4 {[%emt 0:00:11]} Be7 {[%emt 0:02:40]} 8. Nf3 {[%emt 0:04:35]} Nf6 {[%emt 0:00:58]} 9. cxd5 {[%emt 0:01:36]} cxd5 {[%emt 0:08:23]} 10. Be2 {[%emt 0:04:14]} O-O {[%emt 0:00:18]} 11. O-O {[%emt 0:00:46]} Nc6 {[%emt 0:02:38]} 12. Ne5 {[%emt 0:06:25] B14: Caro-Kann: Panov-Botvinnik Attack with 5...e6 and 5...g6} (12. Bf4 Ne4 13. Rc1 Nxc3 14. Rxc3 Bb4 15. Rc1 Bd6 16. Bxd6 Qxd6 17. Re1 Qb4 {½-½ (15) Lalith,B (2594)-Negi,P (2640) Sharjah 2014}) 12... Bf5 {[%emt 0:07:38]} 13. Be3 {[%emt 0:05:19]} Rc8 {[%emt 0:07:50]} 14. Rc1 {[%emt 0:18:16]} Na5 $146 {[%emt 0:08:26]} ({Predecessor:} 14... Qa5 15. Qb3 Bd6 16. Nb5 Nxe5 17. Nxd6 Rxc1 18. Rxc1 {1-0 (16) Darnstaedt,F (2345)-Winter,K Leipzig 1994}) 15. Qa4 {[%emt 0:07:02]} Qb6 {[%emt 0:05:48]} 16. Qb5 {[%emt 0:04:31]} Qxb5 {[%emt 0:07:21]} 17. Nxb5 {[%emt 0:00:15]} a6 {[%emt 0:01:18]} 18. Nc3 {[%emt 0:02:39]} b5 {[%emt 0:03:52]} 19. g4 {[%emt 0:02:13]} Be6 {[%emt 0:00:22]} 20. f4 {[%emt 0:07:30]} Nc4 {[%emt 0:01:03]} 21. Nxc4 {[%emt 0:00:45]} dxc4 {[%emt 0:00:45]} 22. f5 {[%emt 0:01:22]} Nd5 {[%emt 0:06:54]} 23. Bd2 {[%emt 0:00:53]} Nxc3 $11 {[%emt 0:00:28]} 24. bxc3 {[%emt 0:00:31]} Bd5 {[%emt 0:00:16]} 25. Bd1 {[%emt 0:07:09]} Ba3 {[%emt 0:02:50]} 26. Ra1 {[%emt 0:01:28]} b4 {[%emt 0:04:24]} 27. Bf3 {[%emt 0:01:28]} Bxf3 {[%emt 0:05:45]} 28. Rxf3 {[%emt 0:00:02]} a5 {[%emt 0:00:09]} 29. Bc1 {[%emt 0:05:43]} Bxc1 {[%emt 0:00:13]} 30. Rxc1 {[%emt 0:00:01]} Rfd8 {[%emt 0:03:36]} 31. h3 {[%emt 0:04:39]} bxc3 {[%emt 0:02:24]} 32. Rf4 {[%emt 0:00:34]} Rb8 {[%emt 0:01:51]} 33. Rxc3 {[%emt 0:01:00]} Rb1+ {[%emt 0:01:00]} 34. Kg2 {[%emt 0:01:52]} Rb2+ {[%emt 0:00:12]} 35. Kg3 {[%emt 0:00:09]} Rxa2 {[%emt 0:00:23]} 1/2-1/2

[Event "ESTCC U65 2018"]
[Site "Walbrzych"]
[Date "2018.04.17"]
[Round "4"]
[White "Kradolfer, Georg"]
[Black "Hammar, Bengt"]
[Result "0-1"]
[WhiteElo "2084"]
[BlackElo "2133"]
[Annotator "NA"]
[PlyCount "68"]
[EventDate "2018.??.??"]
[EventCountry "POL"]
[SourceTitle "playchess.com"]
[Source "ChessBase"]
[SourceQuality "1"]
[WhiteTeam "SUI"]
[BlackTeam "SWE"]
[WhiteTeamCountry "SUI"]
[BlackTeamCountry "SWE"]
[TimeControl "40/5400+30:1800+30"]

1. c4 {[%emt 0:00:00]} e5 {[%emt 0:01:56]} 2. Nc3 {[%emt 0:00:09]} Nf6 {[%emt 0:00:24]} 3. g3 {[%emt 0:00:28]} d5 {[%emt 0:00:40]} 4. cxd5 {[%emt 0:00:27]} Nxd5 {[%emt 0:00:08]} 5. Bg2 {[%emt 0:00:10]} Nb6 {[%emt 0:00:21]} 6. Nf3 {[%emt 0:02:25]} Nc6 {[%emt 0:00:22]} 7. d3 {[%emt 0:03:42]} Be7 {[%emt 0:03:43] LiveBook: 520 Games} 8. O-O {[%emt 0:03:59]} O-O {[%emt 0:00:58]} 9. b3 {[%emt 0:04:47]} Be6 {[%emt 0:05:25]} 10. Bb2 {[%emt 0:00:56]} f5 {[%emt 0:01:21]} 11. Rc1 {[%emt 0:06:53]} Bf6 {[%emt 0:02:27]} 12. Ba3 {[%emt 0:08:21]} Rf7 {[%emt 0:01:35]} 13. e3 {[%emt 0:01:20]} Rd7 {[%emt 0:06:01]} 14. Ne1 {[%emt 0:03:00]} e4 {[%emt 0:03:26]} 15. d4 {[%emt 0:14:34]} Ne7 $16 {[%emt 0:05:47]} (15... g6 $11) 16. Qe2 {[%emt 0:12:25]} Ned5 {[%emt 0:05:23]} 17. Nxd5 {[%emt 0:06:57]} Nxd5 {[%emt 0:00:33]} 18. f3 {[%emt 0:02:14]} Nxe3 {[%emt 0:01:47]} 19. Rf2 {[%emt 0:11:45]} Nxg2 {[%emt 0:04:59]} 20. Nxg2 {[%emt 0:03:20]} Bxd4 {[%emt 0:01:30]} 21. Ne3 {[%emt 0:00:06]} Qg5 {[%emt 0:13:38]} 22. f4 {[%emt 0:05:33]} Qf6 {[%emt 0:00:14]} 23. Kg2 {[%emt 0:00:26]} Rad8 {[%emt 0:01:54]} 24. Rc2 {[%emt 0:00:48]} h6 {[%emt 0:01:37]} 25. Bb2 {[%emt 0:01:19]} Bxb2 {[%emt 0:00:39]} 26. Rxb2 {[%emt 0:00:04]} Rd3 {[%emt 0:00:47]} 27. Rc2 {[%emt 0:00:46]} Qd4 {[%emt 0:01:31]} 28. Nc4 {[%emt 0:03:40]} Bxc4 {[%emt 0:00:26]} 29. Rxc4 {[%emt 0:00:01]} Qd5 {[%emt 0:00:12]} 30. Kh3 {[%emt 0:01:35]} c6 {[%emt 0:02:19]} 31. Rc2 {[%emt 0:01:11]} e3 {[%emt 0:02:57]} 32. Rf3 {[%emt 0:01:12]} Rd2 {[%emt 0:00:27]} 33. Rxd2 {[%emt 0:01:03]} exd2 {[%emt 0:00:10]} 34. Qd1 {[%emt 0:00:20]} Qxf3 0-1

[Event "ESTCC U65 2018"]
[Site "Walbrzych"]
[Date "2018.04.17"]
[Round "4"]
[White "Scrimgour, Alan"]
[Black "Tunik, Gennady"]
[Result "1/2-1/2"]
[WhiteElo "2083"]
[BlackElo "2351"]
[Annotator "NA"]
[PlyCount "37"]
[EventDate "2018.??.??"]
[EventCountry "POL"]
[SourceTitle "playchess.com"]
[Source "ChessBase"]
[SourceQuality "1"]
[WhiteTeam "Scotland"]
[BlackTeam "Russia"]
[WhiteTeamCountry "SCO"]
[BlackTeamCountry "RUS"]
[TimeControl "40/5400+30:1800+30"]

1. e4 {[%emt 0:00:00]} c5 {[%emt 0:00:22]} 2. c3 {[%emt 0:00:00]} d5 {[%emt 0:00:37]} 3. exd5 {[%emt 0:00:00]} Qxd5 {[%emt 0:00:03]} 4. d4 {[%emt 0:00:00]} Nf6 {[%emt 0:00:36]} 5. Nf3 {[%emt 0:00:03]} e6 {[%emt 0:00:49]} 6. Na3 {[%emt 0:01:28]} Qd8 {[%emt 0:03:20]} 7. Nc4 {[%emt 0:00:14]} Nc6 {[%emt 0:00:59]} 8. Be3 {[%emt 0:04:40] LiveBook: 9 Games B22: Sicilian: 2 c3} (8. Nce5 Nxe5 9. Nxe5 a6 10. Qa4+ Nd7 11. Be3 cxd4 12. Bxd4 f6 13. Nf3 Qc7 14. O-O-O Qc6 15. Qxc6 bxc6 16. Nd2 e5 17. Be3 {½-½ (82) Wang,H (2709)-Le,Q (2737) Riadh 2017}) 8... cxd4 {[%emt 0:04:54]} 9. Nxd4 {[%emt 0:02:38]} Nd5 {[%emt 0:05:17]} 10. Bd3 {[%emt 0:04:19]} Be7 {[%emt 0:05:34]} 11. O-O $146 {[%emt 0:09:18]} ({Predecessor:} 11. Qf3 Nxe3 12. fxe3 Bd7 13. O-O O-O 14. Rad1 g6 15. Qe2 Rc8 {½-½ (70) Bar Ziv,I (2191)-Primakov,V (2444) ICCF email 2014}) 11... O-O {[%emt 0:02:01]} 12. Qc2 {[%emt 0:11:37]} f5 {[%emt 0:03:23]} 13. Nxc6 {[%emt 0:03:56]} bxc6 {[%emt 0:00:05]} 14. Bd4 {[%emt 0:01:28]} c5 {[%emt 0:16:26]} 15. Be5 {[%emt 0:01:26]} a5 {[%emt 0:01:57]} 16. Rfe1 $16 {[%emt 0:04:55]} Bb7 {[%emt 0:02:41]} 17. a3 {[%emt 0:14:03]} Rf7 {[%emt 0:00:41]} 18. Rad1 {[%emt 0:03:25]} Qc8 {[%emt 0:04:06]} 19. Bf1 {[%emt 0:01:50]} 1/2-1/2